000 00752nam a2200241Ia 4500
008 180523s9999 xx 000 0 und d
020 _a978-981-4246-04-0
050 _aComSc QA 76.9
050 _b.D3S54 2008 c.1
100 _aShelly, Gary B.
245 0 _aDatabase management :
245 0 _bessential concepts and techniques in Microsoft Access 2007 /
245 0 _cGary B. Shelly, Thomas J. Cashman, Misty E. Vermaat; contributing authors Steven G. Forsythe… [et al]
260 _aSingapore :
260 _bThomson Learning Asia,
260 _c2008
300 _aAC 232 pages :
300 _billustrations ;
300 _c26 cm.
500 _aIncludes index.
650 _aMicrosoft Access.
650 _xDatabase management.
999 _c357827
_d357827